00241nam a22000977a 4500008004100000020002300041041000800064082001600072100001700088245003800105241117b |||||||| |||| 00| 0 eng d a9780077291204qpbk aeng a658.15bBRE aWill Matthew aFundamentals of corporate Finance